| 000 | 00503nam a22001937a 4500 | ||
|---|---|---|---|
| 003 | MPLRDC | ||
| 005 | 20220104124604.0 | ||
| 008 | 210129b ||||| |||| 00| 0 eng d | ||
| 020 | _a978-986-216-366-5 | ||
| 082 | _a220.6 PX | ||
| 100 | _a潘煊 | ||
| 245 |
_a琉璃同心圆 _c |
||
| 250 | _a二版一刷 | ||
| 260 |
_a台湾 _b天下远见出版股份有限公司 _c2009 |
||
| 300 | _b354 | ||
| 490 | _a社会人文: 285 | ||
| 650 | _a佛教慈济慈善事业基金会 | ||
| 942 |
_cBK _o220.6 PX |
||
| 999 |
_c20545 _d20535 |
||